=LDR 00000nam 2200000 4500 =001 INLIS000000000012956 =005 20200218014854 =035 ##$$a 0010-061300000012956 =008 200218###########################0###### =041 ##$$a Ind =082 ##$$a 121.68 =090 ##$$a 121.68, Pal h =100 ##$$a Palmer, Richard E =245 1#$$a Hermeneutika, Teori baru mengenai interpretasi, Richard E Palmer =260 ##$$a 2003 :$b Yogyakarta =300 ##$$a 319 hlm, 23 cm =650 #4$$a Hermeneutik =850 ##$$a NBPNMAT =990 ##$$a 21400613/BPAP-NTB/20142014 =990 ##$$a 0001/BPAP-NTB/20142014